000
00332nam a2200145Ia 4500
008
220204s9999 xx 000 0 und d
082
_a
539.3
_b
TIM;1
100
_a
Goodier, J N
245
0
_a
Theory of elasticity
250
_a
Ed.3
260
_a
London
_b
McGraw Hill
_c
1970
650
_a
Elasticity
700
_a
S P
942
_c
BK
999
_c
22406
_d
22406